Faraones Egipcios del Período Helenístico - Estadísticas

Estadísticas generales
  • Esta prueba ha sido intentada 32 veces
  • La puntuación promedio es 24 de 33
Estadísticas de respuestas
Período Nombre del Faraón % Correcto
180-176(Corregente) Cleopatra I
100%
130-127 175-164
(Corregente)
163-131 (Corregente)
124-115 (Corregente)
Cleopatra II
100%
142-131(Corregente) 127-101 (Corregente) Cleopatra III
100%
116-101 Cleopatra III
100%
116-115(Corregente) Cleopatra IV
100%
79-69(Corregente) Cleopatra V
100%
51-3052-51 (Corregente) Cleopatra VII
100%
305-285 Ptolomeo I
86%
285-246 Ptolomeo II
86%
246-221 Ptolomeo III
86%
221-205 Ptolomeo IV
86%
116-107 Ptolomeo IX
86%
88-80 Ptolomeo IX
86%
205-180 Ptolomeo V
86%
180-164 163-145 Ptolomeo VI
86%
131-130 145-144 (Corregente) Ptolomeo VII
86%
164-163145-131 127-116
170-164 (Corregente)
Ptolomeo VIII
86%
107-88 Ptolomeo X
86%
80 Ptolomeo XI
86%
80-5855-51 Ptolomeo XII
86%
51-47(Corregente) Ptolomeo XIII
86%
47-44 Ptolomeo XIV
86%
44-30 Ptolomeo XV
86%
317-310 Alejandro IV
75%
332-323 Alejandro Magno
75%
323-317 Filipo III
29%
246-221(Corregente) Berenice II
25%
81-80 101-88(Corregente) Berenice III
25%
81-80 Berenice III
25%
58-55 Berenice IV
25%
279-270(Corregente) Arsínoe II
21%
220-204 Arsínoe III
21%
48-47 Arsinoe IV
21%
No se encontraron pruebas coincidentes
Distribución de puntuación
Porcentaje de gente con cada puntuación
Porcentaje por número respondido
Historial de tus puntuaciones
No has intentado esta prueba.